<?xml version="1.0" encoding="UTF-8"?>
<record
    xmlns:xsi="http://www.w3.org/2001/XMLSchema-instance"
    xsi:schemaLocation="http://www.loc.gov/MARC21/slim http://www.loc.gov/standards/marcxml/schema/MARC21slim.xsd"
    xmlns="http://www.loc.gov/MARC21/slim">

  <leader>00633nam a2200193Ia 4500</leader>
  <controlfield tag="003">OSt</controlfield>
  <controlfield tag="005">20250710144550.0</controlfield>
  <controlfield tag="008">210210b1995   xxu||||| |||| 00| 0 eng d</controlfield>
  <datafield tag="040" ind1=" " ind2=" ">
    <subfield code="c">AL</subfield>
  </datafield>
  <datafield tag="041" ind1=" " ind2=" ">
    <subfield code="a">Kannada</subfield>
  </datafield>
  <datafield tag="082" ind1=" " ind2=" ">
    <subfield code="a">K894.4 VENS</subfield>
  </datafield>
  <datafield tag="100" ind1=" " ind2=" ">
    <subfield code="a">VENKATAYYA APPAGERE.</subfield>
    <subfield code="d">&#xCB5;&#xCC6;&#xC82;&#xC95;&#xC9F;&#xCAF;&#xCCD;&#xCAF; &#xC85;&#xCAA;&#xCCD;&#xCAA;&#xC97;&#xCC6;&#xCB0;&#xCC6;</subfield>
    <subfield code="9">218040</subfield>
  </datafield>
  <datafield tag="245" ind1=" " ind2=" ">
    <subfield code="a">Samanya ghatanegala vaijnanika vishleshane.</subfield>
    <subfield code="b"> &#xCB8;&#xCBE;&#xCAE;&#xCBE;&#xCA8;&#xCCD;&#xCAF; &#xC98;&#xC9F;&#xCA8;&#xCC6;&#xC97;&#xCB3; &#xCB5;&#xCC8;&#xC9C;&#xCCD;&#xC9E;&#xCBE;&#xCA8;&#xCBF;&#xC95; &#xCB5;&#xCBF;&#xCB6;&#xCCD;&#xCB2;&#xCC7;&#xCB7;&#xCA3;&#xCC6;. </subfield>
  </datafield>
  <datafield tag="260" ind1=" " ind2=" ">
    <subfield code="a">Kasaragodu</subfield>
    <subfield code="b">Sahitya Sangha</subfield>
    <subfield code="c">1995</subfield>
  </datafield>
  <datafield tag="300" ind1=" " ind2=" ">
    <subfield code="a">88</subfield>
  </datafield>
  <datafield tag="690" ind1=" " ind2=" ">
    <subfield code="a">Kannada Prose</subfield>
    <subfield code="9">218041</subfield>
  </datafield>
  <datafield tag="906" ind1=" " ind2=" ">
    <subfield code="a">048520</subfield>
  </datafield>
  <datafield tag="942" ind1=" " ind2=" ">
    <subfield code="2">ddc</subfield>
    <subfield code="c">BK</subfield>
  </datafield>
  <datafield tag="999" ind1=" " ind2=" ">
    <subfield code="c">97580</subfield>
    <subfield code="d">97580</subfield>
  </datafield>
  <datafield tag="952" ind1=" " ind2=" ">
    <subfield code="0">0</subfield>
    <subfield code="1">0</subfield>
    <subfield code="2">ddc</subfield>
    <subfield code="4">0</subfield>
    <subfield code="7">0</subfield>
    <subfield code="8">KAN</subfield>
    <subfield code="a">AL</subfield>
    <subfield code="b">AL</subfield>
    <subfield code="c">Kannada Literature</subfield>
    <subfield code="d">2021-02-17</subfield>
    <subfield code="g">16.00</subfield>
    <subfield code="l">0</subfield>
    <subfield code="o">K894.4 VENS</subfield>
    <subfield code="p">048520</subfield>
    <subfield code="r">2021-02-17 00:00:00</subfield>
    <subfield code="w">2021-02-17</subfield>
    <subfield code="y">BK</subfield>
  </datafield>
</record>
